| 000 | 01173nam a2200217Ia 4500 | ||
|---|---|---|---|
| 003 | OSt | ||
| 005 | 20250609145901.0 | ||
| 008 | 210210b1998 xxu||||| |||| 00| 0 eng d | ||
| 040 | _cAL | ||
| 041 | _aKannada | ||
| 082 | _aK894.4 RAVK | ||
| 100 |
_aRAVI BELAGERE _9167783 _dರವಿ ಬೆಳಗೆರೆ |
||
| 245 |
_aKhas bat 98: _bಖಾಸ್ ಭಾತ್ ೯೮ |
||
| 260 |
_aBengaluru _bBhavana Prakashana _c1998 |
||
| 300 | _axii,300 | ||
| 520 | _aಇದು ಲೇಖಕ ಪತ್ರಕರ್ತ ರವಿ ಬೆಳಗೆರೆಯವರ ಹಾಯ್ ಬೆಂಗಳೂರು ವೀಕ್ಲಿಗಾಗಿ ಬರೆಯುತ್ತಿದ್ದ ಲೇಖನಗಳ ಸಂಗ್ರಹವಾಗಿದೆ. ಸಾಮಾಜಿಕ, ರಾಜಕೀಯ ಮತ್ತು ಇತರೆ ರಂಗದಲ್ಲಿ ನಡೆಯುತ್ತಿದ್ದ ಆಗು ಹೋಗುಗಳ ಮೇಲಿನ ಅವರ ಟೀಕೆ ಟಿಪ್ಪಣಿಗಳ ಶೈಲಿ ಮತ್ತು ವಿಷಯ ಓದುಗರನ್ನು ಸೆಳೆಯುತ್ತವೆ. | ||
| 650 |
_aRavi Belagere lekhanagalu _9167784 |
||
| 690 |
_aKannada Prose _9167785 |
||
| 906 | _aSG03459 | ||
| 942 |
_2ddc _cSG |
||
| 999 |
_c114384 _d114384 |
||